<?xml version="1.0" encoding="UTF-8"?><?xml-stylesheet type="text/xsl" href="static/style.xsl"?><OAI-PMH xmlns="http://www.openarchives.org/OAI/2.0/" xmlns:xsi="http://www.w3.org/2001/XMLSchema-instance" xsi:schemaLocation="http://www.openarchives.org/OAI/2.0/ http://www.openarchives.org/OAI/2.0/OAI-PMH.xsd"><responseDate>2026-04-17T02:39:03Z</responseDate><request verb="GetRecord" identifier="oai:www.recercat.cat:20.500.14342/2092" metadataPrefix="marc">https://recercat.cat/oai/request</request><GetRecord><record><header><identifier>oai:recercat.cat:20.500.14342/2092</identifier><datestamp>2025-07-17T17:05:46Z</datestamp><setSpec>com_2072_482405</setSpec><setSpec>com_2072_183628</setSpec><setSpec>col_2072_482411</setSpec></header><metadata><record xmlns="http://www.loc.gov/MARC21/slim" xmlns:dcterms="http://purl.org/dc/terms/" xmlns:xsi="http://www.w3.org/2001/XMLSchema-instance" xmlns:doc="http://www.lyncode.com/xoai" xsi:schemaLocation="http://www.loc.gov/MARC21/slim http://www.loc.gov/standards/marcxml/schema/MARC21slim.xsd">
   <leader>00925njm 22002777a 4500</leader>
   <datafield ind2=" " ind1=" " tag="042">
      <subfield code="a">dc</subfield>
   </datafield>
   <datafield ind2=" " ind1=" " tag="720">
      <subfield code="a">Segarra Gutiérrez, Gerard</subfield>
      <subfield code="e">author</subfield>
   </datafield>
   <datafield ind2=" " ind1=" " tag="720">
      <subfield code="a">Farriols Hernando, Núria</subfield>
      <subfield code="e">author</subfield>
   </datafield>
   <datafield ind2=" " ind1=" " tag="720">
      <subfield code="a">Palma, Carol</subfield>
      <subfield code="e">author</subfield>
   </datafield>
   <datafield ind2=" " ind1=" " tag="260">
      <subfield code="c">2011</subfield>
   </datafield>
   <datafield ind2=" " ind1=" " tag="520">
      <subfield code="a">Este trabajo recopila y discute información publicada sobre el estado actual de la prevalencia, impacto y abordaje grupal de los trastornos de ansiedad. El objetivo es estar actualizado sobre los últimos conocimientos y tendencias en la materia y promover la investigación de un modelo integrado de atención entre los profesionales de la Atención Primaria y los servicios especializados.&#xd;
Se ha realizado una búsqueda bibliográfica en las bases de datos PSYCHOINFO y MEDLINE, dónde se encuentran las revistas que normalmente publican artículos sobre dicha especialidad y se ha realizado una discusión sobre los mismos con especialistas que trabajan en los servicios de la Salud Pública. Los datos que conocemos referentes al elevado impacto social y económico revelan la necesidad de un abordaje integral de los trastornos de ansiedad desde el punto de vista médico y psicológico como una de las principales prioridades para la Salud Mental.&#xd;
Se considera el formato de intervención grupal como una alternativa terapéutica eficaz y eficiente para la mayoría de diagnósticos, incluidos los trastornos de ansiedad. La valoración integrada de los síntomas y su detección precoz son fundamentales como herramienta de prevención de la Salud y de futuras demandas por trastornos más graves a los servicios especializados.</subfield>
   </datafield>
   <datafield ind1="8" ind2=" " tag="024">
      <subfield code="a">http://hdl.handle.net/20.500.14342/2092</subfield>
   </datafield>
   <datafield tag="653" ind2=" " ind1=" ">
      <subfield code="a">Trastorns d'ansietat</subfield>
   </datafield>
   <datafield tag="653" ind2=" " ind1=" ">
      <subfield code="a">Atenció primària</subfield>
   </datafield>
   <datafield tag="653" ind2=" " ind1=" ">
      <subfield code="a">Teràpia de grup</subfield>
   </datafield>
   <datafield ind2="0" ind1="0" tag="245">
      <subfield code="a">Prevalencia, impacto y tratamiento psicológico grupal de los trastornos de ansiedad : una revisión en el ámbito de la atención primaria</subfield>
   </datafield>
</record></metadata></record></GetRecord></OAI-PMH>